000
00301 a2200121 4500
000
nam a22 7a 4500
005
20260423143919.0
020
_a
9783111277332
100
_a
Ghanshyam Sharma
_9
1235535
245
_a
Trends in South Asian Linguistics
260
_b
De Gruyter
_c
2023
942
_c
TEXL
999
_c
1848433
_d
1848433